|
|
|
|
| LEADER |
00725nam a22001931 4500 |
| 001 |
c000206761 |
| 003 |
CARM |
| 005 |
20021125002100.0 |
| 008 |
851211s1930 sp 1 spa d |
| 019 |
1 |
|
|a 4171744
|5 LACONCORD2021
|
| 035 |
|
|
|a (OCoLC)156740850
|5 LACONCORD2021
|
| 100 |
2 |
|
|a Pérez Galdós, Benito,
|d 1843-1920.
|
| 245 |
1 |
3 |
|a De onate a la granja.
|
| 260 |
|
|
|a Madrid :
|b Hernando,
|c 1930.
|
| 490 |
1 |
|
|a Episodios nacionales, seri / (Perez Galdos, Benito, 1843-1920
|
| 852 |
8 |
|
|b CARM
|h A2:AL15A0
|i A03209
|p 0290114
|f BK
|
| 082 |
0 |
4 |
|a 863.5
|
| 999 |
f |
f |
|i 186b6852-03e7-5347-b610-de969493972e
|s d3f0bbf6-2c9a-504b-bee5-ad00cdc3ec7a
|
| 952 |
f |
f |
|p Can circulate
|a CAVAL
|b CAVAL
|c CAVAL
|d CARM 1 Store
|e A03209
|f A2:AL15A0
|h Other scheme
|i book
|m 0290114
|